[Event "POL-ch Universities"]
[Site "Lublin"]
[Date "2024.02.24"]
[Round "7"]
[White "Golenia, Wojciech"]
[Black "Pytel, Maciej"]
[Result "1/2-1/2"]
[WhiteElo "2212"]
[BlackElo "1965"]
[PlyCount "116"]
[EventDate "2024.02.23"]
[EventType "swiss"]
[EventRounds "9"]
[EventCountry "POL"]
[SourceTitle "CB10_2024"]
[SourceDate "2024.03.06"]
[SourceVersion "1"]
[SourceVersionDate "2024.03.06"]
[SourceQuality "1"]

1. c4 e5 2. Nc3 Nc6 3. g3 d6 4. Bg2 Be6 5. d3 Qd7 6. Rb1 Nge7 7. Nd5 Nd8 8. b4 c6 9. Nxe7 Bxe7 10. Nf3 Bh3 11. 0-0 Bxg2 12. Kxg2 Ne6 13. Bb2 0-0 14. c5 f6 15. cxd6 Qxd6 16. Qb3 Qd5 17. Qxd5 cxd5 18. a3 Rfc8 19. Rfc1 Kf7 20. Kf1 Ke8 21. e4 dxe4 22. dxe4 Rxc1+ 23. Rxc1 a5 24. bxa5 Rxa5 25. Rc8+ Kd7 26. Rc3 Nc5 27. Nd2 Rb5 28. Bc1 Bd8 29. Rc4 Ne6 30. a4 Rc5 31. Ba3 Rxc4 32. Nxc4 Ng5 33. Nd2 Ba5 34. Nb3 Bc3 35. Ke2 Ne6 36. Nc5+ Nxc5 37. Bxc5 g6 38. Kd3 Ba5 39. Kc4 Kc6 40. f3 Bd8 41. Ba3 f5 42. Bb2 Bc7 43. Bc3 fxe4 44. fxe4 Bd6 45. Bd2 Be7 46. Be3 h5 47. Bd2 Bd8 48. Bc3 Bc7 49. Bb2 Bd6 50. Ba1 Bc7 51. Bc3 Bd6 52. Ba5 Be7 53. Bd2 Bd8 54. Bh6 Bb6 55. Bg7 Bd4 56. Bf6 Ba1 57. Be7 Bd4 58. Bf6 Ba1 1/2-1/2

[Event "POL-ch Universities"]
[Site "Lublin"]
[Date "2024.02.24"]
[Round "6"]
[White "Pytel, Maciej"]
[Black "Galuszka, Tomasz"]
[Result "1-0"]
[WhiteElo "1965"]
[BlackElo "2181"]
[PlyCount "109"]
[EventDate "2024.02.23"]
[EventType "swiss"]
[EventRounds "9"]
[EventCountry "POL"]
[SourceTitle "CB10_2024"]
[SourceDate "2024.03.06"]
[SourceVersion "1"]
[SourceVersionDate "2024.03.06"]
[SourceQuality "1"]

1. f4 d5 2. Nf3 Nf6 3. g3 g6 4. Bg2 Bg7 5. 0-0 0-0 6. d3 c5 7. Qe1 Nc6 8. c3 d4 9. Na3 Nd5 10. Bd2 e5 11. fxe5 Nxe5 12. Nxe5 Bxe5 13. c4 Nc7 14. b4 Ne6 15. bxc5 Nxc5 16. Bh6 Re8 17. Qf2 f5 18. Nc2 Be6 19. Rab1 Qd7 20. Nb4 Rac8 21. Nd5 b6 22. Bg5 Kg7 23. Bf4 Bxd5 24. Bxe5+ Rxe5 25. Qxd4 Qd6 26. Bxd5 Ne6 27. Qf2 Re8 28. e4 Ng5 29. Qb2 fxe4 30. dxe4 Kh6 31. Qc1 Kg7 32. Kg2 Qd7 33. Kh1 R8e7 34. Qb2 Kh6 35. Rf4 Nxe4 36. Rh4+ Kg5 37. Qc1+ Kf6 38. Bxe4 Rxe4 39. Qc3+ Kg5 40. Rxe4 Rxe4 41. Rf1 Qd4 42. Qxd4 Rxd4 43. Rf7 a5 44. Rb7 Rxc4 45. Rxb6 Rc1+ 46. Kg2 Rc2+ 47. Kf3 Rxa2 48. h4+ Kh6 49. Rb7 Ra4 50. Ra7 Ra2 51. Kf4 Rf2+ 52. Ke3 Rf5 53. g4 Re5+ 54. Kf4 Rb5 55. g5+ 1-0

[Event "POL-ch Academic"]
[Site "Chorzow"]
[Date "2022.04.01"]
[Round "2"]
[White "Cukrowski, Filip"]
[Black "Pytel, Maciej"]
[Result "1-0"]
[WhiteElo "2199"]
[BlackElo "1787"]
[PlyCount "51"]
[EventDate "2022.04.01"]
[EventType "swiss (rapid)"]
[EventRounds "9"]
[EventCountry "POL"]
[SourceTitle "EXT 2024"]
[Source "ChessBase"]
[SourceDate "2023.10.10"]
[SourceVersion "1"]
[SourceVersionDate "2023.10.10"]
[SourceQuality "1"]

1. d4 b5 2. e4 Bb7 3. Nd2 a6 4. Ngf3 c5 5. dxc5 Qc7 6. b4 Nf6 7. Bd3 Nc6 8. a3 a5 9. Rb1 axb4 10. axb4 Ne5 11. Nxe5 Qxe5 12. Bb2 Qc7 13. Qe2 e6 14. Bxb5 Be7 15. Bd3 h5 16. Nc4 Ra4 17. Be5 Qc6 18. Na5 Qc8 19. Bb5 Rxa5 20. bxa5 Nxe4 21. a6 Ba8 22. c6 Nc5 23. cxd7+ Nxd7 24. Bxd7+ Kxd7 25. Qd3+ Bd5 26. Rb7+ 1-0

[Event "POL-ch U18"]
[Site "Szklarska Poreba"]
[Date "2020.03.13"]
[Round "7"]
[White "Pytel, Maciej"]
[Black "Musial, Tomasz"]
[Result "1/2-1/2"]
[WhiteElo "1919"]
[BlackElo "2051"]
[PlyCount "66"]
[EventDate "2020.03.07"]
[EventType "swiss"]
[EventRounds "8"]
[EventCountry "POL"]
[SourceTitle "CBM 195 Extra"]
[Source "ChessBase"]
[SourceDate "2020.05.31"]
[SourceVersion "1"]
[SourceVersionDate "2020.05.31"]
[SourceQuality "1"]

1. e4 e6 2. b3 d5 3. Bb2 dxe4 4. Nc3 Nf6 5. g4 Bd7 6. g5 Nd5 7. Nxe4 Bc6 8. Bg2 Nf4 9. Bf3 Nd7 10. h4 Qe7 11. Ne2 Nxe2 12. Qxe2 0-0-0 13. a4 h6 14. Rg1 hxg5 15. hxg5 e5 16. Qe3 Kb8 17. 0-0-0 f5 18. gxf6 gxf6 19. Ng3 Qe6 20. Kb1 Bc5 21. Qe2 Bxf3 22. Qxf3 Rh4 23. Rgf1 Rg8 24. Qe2 Qg4 25. Qxg4 Rgxg4 26. Ne2 Bb6 27. d4 e4 28. Rh1 c6 29. Rxh4 Rxh4 30. Bc1 Kc8 31. Rg1 Kd8 32. Nf4 Ke8 33. c3 Kf7 1/2-1/2

[Event "POL-ch U18"]
[Site "Szklarska Poreba"]
[Date "2020.03.11"]
[Round "5"]
[White "Golenia, Wojciech"]
[Black "Pytel, Maciej"]
[Result "1-0"]
[WhiteElo "2050"]
[BlackElo "1919"]
[PlyCount "109"]
[EventDate "2020.03.07"]
[EventType "swiss"]
[EventRounds "8"]
[EventCountry "POL"]
[SourceTitle "CBM 195 Extra"]
[Source "ChessBase"]
[SourceDate "2020.05.31"]
[SourceVersion "1"]
[SourceVersionDate "2020.05.31"]
[SourceQuality "1"]

1. Nf3 Nf6 2. b3 g6 3. Bb2 Bg7 4. c4 0-0 5. g3 d6 6. d4 Nbd7 7. Bg2 c5 8. 0-0 cxd4 9. Nxd4 a6 10. Nc3 Rb8 11. Rc1 Re8 12. Qd2 Nc5 13. Rfd1 Bd7 14. e3 Bg4 15. f3 Bd7 16. Nd5 b5 17. Nxf6+ Bxf6 18. cxb5 axb5 19. b4 Na4 20. Nc6 Bxc6 21. Bxf6 Qd7 22. Ba1 f6 23. h4 Nb6 24. e4 Nc4 25. Qf2 Ra8 26. Bf1 Qb7 27. Bxc4+ bxc4 28. Rxc4 d5 29. Rc5 dxe4 30. b5 e3 31. Qxe3 Bxf3 32. Qe6+ Kf8 33. Rd2 Rad8 34. Bd4 Rd6 35. Qe3 Red8 36. a4 Bh1 37. Rcc2 Be4 38. Rb2 Kg7 39. a5 e5 40. a6 Qa8 41. Bc5 Rd3 42. Qf2 Rf3 43. Qe1 Bd3 44. Bf2 e4 45. a7 e3 46. Bxe3 Rf1+ 47. Qxf1 Bxf1 48. Rxd8 Qxd8 49. Kxf1 Qd1+ 50. Kg2 Qd5+ 51. Kh2 h5 52. Rd2 Qb7 53. Rd8 Qxb5 54. a8Q Qe2+ 55. Qg2 1-0

[Event "POL-ch U18"]
[Site "Szklarska Poreba"]
[Date "2019.03.15"]
[Round "8"]
[White "Pytel, Maciej"]
[Black "Woloch, Oskar"]
[Result "0-1"]
[WhiteElo "2165"]
[BlackElo "2032"]
[PlyCount "116"]
[EventDate "2019.03.09"]
[EventType "swiss"]
[EventRounds "9"]
[EventCountry "POL"]
[SourceTitle "CBM 189 Extra"]
[Source "ChessBase"]
[SourceDate "2019.06.03"]
[SourceVersion "1"]
[SourceVersionDate "2019.06.03"]
[SourceQuality "1"]

1. e4 d5 2. exd5 Nf6 3. d4 Bg4 4. f3 Bf5 5. c4 e6 6. dxe6 Nc6 7. Be3 Bb4+ 8. Nc3 Qe7 9. Qd2 0-0-0 10. a3 Bc5 11. Nce2 Qxe6 12. Kf2 Ne5 13. Nf4 Qd7 14. dxc5 Qxd2+ 15. Bxd2 Rxd2+ 16. Nge2 Rxb2 17. g4 Bd3 18. g5 Nfd7 19. c6 bxc6 20. Nxd3 Nxd3+ 21. Kg3 f5 22. Nf4 N3e5 23. h4 Rb3 24. Be2 Nc5 25. Kg2 Rd8 26. Rhd1 Rxd1 27. Bxd1 Rc3 28. Nh5 g6 29. Nf6 Ne6 30. Kg3 f4+ 31. Kg2 Nxc4 32. Nxh7 Ne3+ 33. Kf2 Nf5 34. h5 gxh5 35. g6 Kd8 36. Nf6 h4 37. Ne4 Re3 38. Ba4 Ned4 39. Rd1 Rxf3+ 40. Kg1 Ke7 41. g7 Kf7 42. Ng5+ Kxg7 43. Nxf3 Nxf3+ 44. Kf2 Ne5 45. Rb1 Ng3 46. Kg2 f3+ 47. Kf2 Ne4+ 48. Ke3 Nc4+ 49. Kd4 c5+ 50. Kd3 f2 51. Bb5 Ncd2 52. Ra1 c4+ 53. Ke3 f1Q 54. Rxf1 Nxf1+ 55. Kxe4 h3 56. Kd4 Nd2 57. Bc6 Kf6 58. Kc3 Nb3 0-1

[Event "POL-ch U18"]
[Site "Szklarska Poreba"]
[Date "2019.03.13"]
[Round "6"]
[White "Pytel, Maciej"]
[Black "Wierzbicki, Michal"]
[Result "1-0"]
[WhiteElo "2165"]
[BlackElo "1919"]
[PlyCount "55"]
[EventDate "2019.03.09"]
[EventType "swiss"]
[EventRounds "9"]
[EventCountry "POL"]
[SourceTitle "CBM 189 Extra"]
[Source "ChessBase"]
[SourceDate "2019.06.03"]
[SourceVersion "1"]
[SourceVersionDate "2019.06.03"]
[SourceQuality "1"]

1. e4 e6 2. b3 d5 3. Bb2 dxe4 4. Nc3 f5 5. f3 exf3 6. Qxf3 Nf6 7. Bc4 Nc6 8. 0-0-0 Ne5 9. Qe2 Nxc4 10. Qxc4 c6 11. Nf3 Be7 12. h3 Qd6 13. g4 b5 14. Qe2 0-0 15. Rde1 Re8 16. Rhg1 Bf8 17. Nb1 Ne4 18. d3 Qf4+ 19. Kd1 Ng5 20. Nxg5 Qxg5 21. gxf5 Qxf5 22. Ref1 Qd5 23. Nc3 Qd8 24. Ne4 e5 25. Nf6+ Kh8 26. Nxe8 Qxe8 27. Qxe5 Qxe5 28. Rxf8# 1-0

[Event "POL-ch U18"]
[Site "Szklarska Poreba"]
[Date "2019.03.12"]
[Round "5"]
[White "Szydelko, Michal"]
[Black "Pytel, Maciej"]
[Result "1/2-1/2"]
[WhiteElo "1764"]
[BlackElo "2165"]
[PlyCount "83"]
[EventDate "2019.03.09"]
[EventType "swiss"]
[EventRounds "9"]
[EventCountry "POL"]
[SourceTitle "CBM 189 Extra"]
[Source "ChessBase"]
[SourceDate "2019.06.03"]
[SourceVersion "1"]
[SourceVersionDate "2019.06.03"]
[SourceQuality "1"]

1. e4 c5 2. c3 d5 3. exd5 Qxd5 4. d4 Nc6 5. Nf3 e6 6. Be2 Nf6 7. 0-0 Be7 8. h3 0-0 9. Be3 cxd4 10. cxd4 Qd6 11. Nc3 a6 12. a4 Nd5 13. Qd2 Na5 14. Rad1 b6 15. Ne5 Bb7 16. Bf3 f6 17. Bxd5 exd5 18. Nd3 Qd7 19. Qe2 Bc6 20. Qf3 Rfd8 21. b4 Nc4 22. Ra1 Rac8 23. Rfb1 Bb7 24. Ne2 Bf8 25. Re1 Re8 26. Bf4 Re4 27. Be3 Nxe3 28. fxe3 Rc4 29. Reb1 Qe8 30. Kf2 Rc2 31. Ndf4 g6 32. g4 Bd6 33. Ng2 Kg7 34. Kg1 Rc4 35. b5 axb5 36. axb5 Re7 37. Rf1 Rf7 38. Nef4 Bxf4 39. Nxf4 Kg8 40. Ra7 Qb8 41. Rfa1 Rc2 42. R7a2 1/2-1/2

[Event "POL-ch U18"]
[Site "Szklarska Poreba"]
[Date "2019.03.11"]
[Round "4"]
[White "Pytel, Maciej"]
[Black "Dzwierzynski, Bartosz"]
[Result "1/2-1/2"]
[WhiteElo "2165"]
[BlackElo "1942"]
[PlyCount "60"]
[EventDate "2019.03.09"]
[EventType "swiss"]
[EventRounds "9"]
[EventCountry "POL"]
[SourceTitle "CBM 189 Extra"]
[Source "ChessBase"]
[SourceDate "2019.06.03"]
[SourceVersion "1"]
[SourceVersionDate "2019.06.03"]
[SourceQuality "1"]

1. f4 c5 2. Nf3 Nf6 3. g3 g6 4. Bg2 Bg7 5. 0-0 0-0 6. d3 Nc6 7. e4 d6 8. h3 e5 9. f5 d5 10. fxg6 hxg6 11. Nc3 dxe4 12. Nxe4 Nxe4 13. dxe4 Qxd1 14. Rxd1 Nd4 15. Ne1 Be6 16. Be3 b6 17. c3 Nc6 18. Bg5 Na5 19. b3 f6 20. Be3 Rfd8 21. Nc2 Nc6 22. Kh2 Rxd1 23. Rxd1 Rd8 24. Rxd8+ Nxd8 25. Bf1 Nb7 26. Na3 Nd6 27. Bd3 Kh7 28. Nb5 Nxb5 29. Bxb5 Bh6 30. Bxh6 Kxh6 1/2-1/2

[Event "POL-ch U18"]
[Site "Szklarska Poreba"]
[Date "2019.03.09"]
[Round "1"]
[White "Kukula, Karol"]
[Black "Pytel, Maciej"]
[Result "0-1"]
[WhiteElo "1785"]
[BlackElo "2165"]
[PlyCount "96"]
[EventDate "2019.03.09"]
[EventType "swiss"]
[EventRounds "9"]
[EventCountry "POL"]
[SourceTitle "CBM 189 Extra"]
[Source "ChessBase"]
[SourceDate "2019.06.03"]
[SourceVersion "1"]
[SourceVersionDate "2019.06.03"]
[SourceQuality "1"]

1. e4 c5 2. Nf3 e6 3. d4 cxd4 4. Nxd4 Nc6 5. Nc3 Qc7 6. g3 a6 7. Bg2 Nf6 8. 0-0 h5 9. h4 Ng4 10. Nxc6 dxc6 11. Qe2 Bc5 12. Bf4 e5 13. Bd2 Be6 14. Kh1 0-0-0 15. Rae1 f6 16. f3 Nh6 17. Be3 Bxe3 18. Qxe3 Kb8 19. Rd1 Rxd1 20. Rxd1 Nf7 21. Na4 Rd8 22. Rxd8+ Qxd8 23. Nc3 g5 24. Qf2 Nh8 25. f4 exf4 26. gxf4 g4 27. f5 Bc8 28. Qf4+ Ka8 29. Qh6 Nf7 30. Qxh5 Ne5 31. Qh6 b5 32. a3 a5 33. Qe3 Qh8 34. Qg3 Qh6 35. Kh2 Qd2 36. Kh1 Qc1+ 37. Kh2 Qd2 38. Kh1 b4 39. axb4 axb4 40. Na2 Ba6 41. Qb3 Qe1+ 42. Kh2 Qxh4+ 43. Kg1 Qe1+ 44. Kh2 Qf2 45. Kh1 Qh4+ 46. Kg1 g3 47. Qg8+ Ka7 48. Qg7+ Kb6 0-1

[Event "POL-chT U20"]
[Site "Kudowa Zdroj"]
[Date "2018.07.24"]
[Round "4.26"]
[White "Mis, Mieszko"]
[Black "Pytel, Maciej"]
[Result "1/2-1/2"]
[WhiteElo "2291"]
[BlackElo "2051"]
[PlyCount "88"]
[EventDate "2018.07.21"]
[EventType "team-tourn"]
[EventRounds "9"]
[EventCountry "POL"]
[SourceTitle "CBM 186 Extra"]
[Source "ChessBase"]
[SourceDate "2018.08.24"]
[SourceVersion "1"]
[SourceVersionDate "2018.08.24"]
[SourceQuality "1"]

1. d4 Nf6 2. c4 e6 3. g3 Bb4+ 4. Bd2 Qe7 5. Bg2 Nc6 6. Nf3 Bxd2+ 7. Nbxd2 d6 8. 0-0 0-0 9. e4 e5 10. d5 Nb8 11. Ne1 a5 12. Rb1 c6 13. Nd3 Na6 14. a3 Bg4 15. f3 Bd7 16. b4 axb4 17. axb4 cxd5 18. cxd5 Nc7 19. Re1 Nb5 20. Rc1 Nd4 21. Nb2 Ra2 22. Rb1 Rc8 23. Ndc4 h6 24. Ne3 Qd8 25. Kh1 Ne8 26. f4 f6 27. h4 Nc7 28. Nbc4 Ncb5 29. Qh5 Nc2 30. Nxc2 Rxc4 31. Ne3 Rc3 32. fxe5 fxe5 33. Qg6 Raa3 34. Rf1 Qe8 35. Qxe8+ Bxe8 36. Nf5 Kh7 37. Rfc1 Bd7 38. Rxc3 Rxc3 39. Rf1 Bxf5 40. Rxf5 Kg8 41. Kh2 Rb3 42. Rf2 Rxb4 43. Rc2 Kf7 44. Rc8 Ke7 1/2-1/2

[Event "POL-chT U20"]
[Site "Kudowa Zdroj"]
[Date "2018.07.22"]
[Round "2.26"]
[White "Pytel, Maciej"]
[Black "Kowalski, Igor"]
[Result "0-1"]
[WhiteElo "2051"]
[BlackElo "2324"]
[PlyCount "86"]
[EventDate "2018.07.21"]
[EventType "team-tourn"]
[EventRounds "9"]
[EventCountry "POL"]
[SourceTitle "CBM 186 Extra"]
[Source "ChessBase"]
[SourceDate "2018.08.24"]
[SourceVersion "1"]
[SourceVersionDate "2018.08.24"]
[SourceQuality "1"]

1. e4 c6 2. d4 d5 3. e5 Bf5 4. Nd2 e6 5. Nb3 Nd7 6. Nf3 a6 7. Be3 Ne7 8. Be2 h6 9. 0-0 Bh7 10. Bd2 Nf5 11. Rc1 c5 12. dxc5 Nxc5 13. Nxc5 Bxc5 14. c4 dxc4 15. Rxc4 Be7 16. Bb4 Qxd1 17. Bxd1 b5 18. Bxe7 bxc4 19. Bc5 f6 20. Nd2 Kf7 21. Nxc4 Rhd8 22. Bf3 Rab8 23. b4 Kg8 24. Re1 Nd4 25. Bg4 Nc2 26. Rf1 Bd3 27. Bxe6+ Kh7 28. Rc1 Nxb4 29. f4 Nxa2 30. Ra1 Nc3 31. Bd6 Rb7 32. g3 Nb5 33. Nb2 Be4 34. Nc4 f5 35. g4 g6 36. Rd1 Nc3 37. Rd2 Re8 38. gxf5 gxf5 39. Bxf5+ Bxf5 40. Ne3 Rb1+ 41. Kg2 Rg8+ 42. Kf3 Be4+ 43. Kf2 Rh1 0-1

[Event "Bialystok Zamenhof Memorial-C 35th"]
[Site "Bialystok"]
[Date "2017.12.29"]
[Round "5.3"]
[White "Pytel, Maciej"]
[Black "Pytel, Przemyslaw"]
[Result "1/2-1/2"]
[WhiteElo "1980"]
[BlackElo "1870"]
[PlyCount "37"]
[EventDate "2017.12.27"]
[EventType "swiss"]
[EventRounds "9"]
[EventCountry "POL"]
[SourceTitle "EXT 2023"]
[Source "ChessBase"]
[SourceDate "2022.10.05"]
[SourceVersion "1"]
[SourceVersionDate "2022.10.05"]
[SourceQuality "1"]

1. d4 d5 2. c4 c6 3. cxd5 cxd5 4. Nc3 Nf6 5. Nf3 Nc6 6. Bf4 Bf5 7. e3 a6 8. Bd3 Bxd3 9. Qxd3 e6 10. Bg3 Bd6 11. Ne5 Bxe5 12. dxe5 Nd7 13. f4 Qb6 14. Qd2 0-0 15. 0-0 Rac8 16. Ne2 Qb4 17. Nc3 Qb6 18. Rab1 Ne7 19. Bf2 1/2-1/2

[Event "Bialystok Zamenhof Memorial-C 35th"]
[Site "Bialystok"]
[Date "2017.12.28"]
[Round "3.3"]
[White "Pytel, Maciej"]
[Black "Pilka, Lukasz"]
[Result "1-0"]
[WhiteElo "1980"]
[BlackElo "1676"]
[PlyCount "109"]
[EventDate "2017.12.27"]
[EventType "swiss"]
[EventRounds "9"]
[EventCountry "POL"]
[SourceTitle "EXT 2023"]
[Source "ChessBase"]
[SourceDate "2022.10.05"]
[SourceVersion "1"]
[SourceVersionDate "2022.10.05"]
[SourceQuality "1"]

1. e4 e5 2. Nf3 Nc6 3. Bc4 Nf6 4. d3 Be7 5. c3 d6 6. 0-0 0-0 7. Nbd2 a6 8. Bb3 Be6 9. Bc2 h6 10. h3 Nh7 11. d4 exd4 12. cxd4 Bd7 13. Nb3 Ng5 14. Nh2 f5 15. d5 Na7 16. exf5 Bxf5 17. Nd4 Bxc2 18. Qxc2 Nb5 19. Nxb5 axb5 20. Qb3 Qd7 21. f4 Ne4 22. Be3 Ng3 23. Rfe1 Nh5 24. Rf1 Ra4 25. Qc2 c6 26. b3 Raa8 27. Ng4 Rf5 28. dxc6 bxc6 29. a4 bxa4 30. bxa4 Rfa5 31. Kh2 c5 32. Qg6 Nf6 33. Nxh6+ Kh8 34. Nf7+ Kg8 35. Rfd1 Qe8 36. Nh6+ Kh8 37. Qxe8+ Rxe8 38. Nf5 Ne4 39. Bd2 Nxd2 40. Rxd2 Bf6 41. Raa2 Re4 42. Kg3 Raxa4 43. Rxa4 Rxa4 44. Rxd6 c4 45. Rc6 c3 46. Kf3 Kh7 47. g4 Kg6 48. Ne3 Kf7 49. g5 Bd4 50. Nf5 Ba7 51. g6+ Ke8 52. Rxc3 Bd4 53. Rc7 Kd8 54. Rf7 Ra3+ 55. Kg4 1-0

[Event "Suwalki Warakomska Memorial-B 1st"]
[Site "Suwalki"]
[Date "2017.08.13"]
[Round "4"]
[White "Kaczmarek, Arkadiusz"]
[Black "Pytel, Maciej"]
[Result "1/2-1/2"]
[WhiteElo "1935"]
[BlackElo "1967"]
[PlyCount "101"]
[EventDate "2017.08.11"]
[EventType "swiss"]
[EventRounds "9"]
[EventCountry "POL"]
[SourceTitle "CBM 180 Extra"]
[Source "ChessBase"]
[SourceDate "2017.10.06"]
[SourceVersion "1"]
[SourceVersionDate "2017.10.06"]
[SourceQuality "1"]

1. d4 f5 2. c4 Nf6 3. Nc3 g6 4. Nf3 Bg7 5. g3 0-0 6. Bg2 d6 7. 0-0 c6 8. b3 Qa5 9. Bd2 Qc7 10. d5 Na6 11. Rc1 Nc5 12. Be3 Nce4 13. Nxe4 fxe4 14. Ng5 cxd5 15. cxd5 Qa5 16. Nxe4 Nxd5 17. Qxd5+ Qxd5 18. Nf6+ Bxf6 19. Bxd5+ e6 20. Rxc8 Rfxc8 21. Bxe6+ Kf8 22. Bxc8 Rxc8 23. Rc1 Rxc1+ 24. Bxc1 Ke7 25. e4 Ke6 26. Be3 a6 27. Kf1 Ke5 28. f3 d5 29. Ke2 b5 30. exd5 Kxd5 31. Kd3 h5 32. h3 a5 33. a4 bxa4 34. bxa4 Bd8 35. f4 Bc7 36. g4 hxg4 37. hxg4 Bd6 38. Bd2 Bc7 39. Be3 Bd6 40. Bd2 Bc7 41. Bc3 Bd8 42. f5 gxf5 43. gxf5 Kc5 44. Kc2 Kc4 45. Kb2 Kc5 46. Kb3 Kd5 47. Bb2 Be7 48. Bc3 Bd8 49. Kb2 Ke4 50. f6 Bxf6 51. Bxf6 1/2-1/2

[Event "POL-chT U20"]
[Site "Suchedniow"]
[Date "2016.07.24"]
[Round "2.16"]
[White "Oglaza, Oskar"]
[Black "Pytel, Maciej"]
[Result "1-0"]
[WhiteElo "2107"]
[BlackElo "2000"]
[PlyCount "39"]
[EventDate "2016.07.23"]
[EventType "team-tourn"]
[EventRounds "9"]
[EventCountry "POL"]
[SourceTitle "EXT 2019"]
[Source "ChessBase"]
[SourceDate "2018.10.10"]
[SourceVersion "1"]
[SourceVersionDate "2018.10.10"]
[SourceQuality "1"]

1. e4 c5 2. Nf3 e6 3. d4 cxd4 4. Nxd4 Nc6 5. Nc3 Qc7 6. Be3 a6 7. Qf3 b5 8. Nxc6 Qxc6 9. Bd3 Bb7 10. Qg3 Nf6 11. e5 Nh5 12. Qh4 Qxg2 13. 0-0-0 g6 14. Be4 Bxe4 15. Nxe4 Be7 16. Bg5 Bxg5+ 17. Nxg5 0-0 18. Rhg1 Qc6 19. Rd6 Qc5 20. Qxh5 1-0

[Event "POL-ch U14"]
[Site "Suwalki"]
[Date "2015.04.11"]
[Round "5"]
[White "Lis, Mateusz"]
[Black "Pytel, Maciej"]
[Result "1-0"]
[WhiteElo "1926"]
[BlackElo "1821"]
[PlyCount "85"]
[EventDate "2015.04.08"]
[EventType "swiss"]
[EventRounds "9"]
[EventCountry "POL"]
[SourceTitle "EXT 2017"]
[Source "ChessBase"]
[SourceDate "2016.10.25"]
[SourceVersion "1"]
[SourceVersionDate "2016.10.25"]
[SourceQuality "1"]

1. e4 c5 2. Nf3 e6 3. d4 cxd4 4. Nxd4 Nc6 5. Nc3 Qc7 6. Be2 a6 7. 0-0 Nf6 8. Be3 Bb4 9. Bd3 b5 10. a4 Nxd4 11. Bxd4 e5 12. Be3 Bxc3 13. bxc3 bxa4 14. Rxa4 0-0 15. Qd2 Bb7 16. f3 Rfc8 17. c4 Bc6 18. Ra5 d6 19. Rfa1 Bb7 20. Qf2 Nd7 21. g4 Nb8 22. c3 Nc6 23. R5a4 Qd7 24. Bb6 Nd8 25. Ra5 Ne6 26. Be3 Rc6 27. Bf1 Qc7 28. h4 Nc5 29. R1a2 Bc8 30. h5 Nb7 31. R5a3 Be6 32. h6 f6 33. hxg7 Qxg7 34. Qh4 a5 35. Rg2 Qg6 36. Bd3 Kh8 37. g5 Rg8 38. Raa2 f5 39. exf5 Bxf5 40. Bxf5 Qxf5 41. Rab2 Nc5 42. g6 Rxg6 43. Rb8+ 1-0

[Event "Bialystok-ch"]
[Site "Bialystok"]
[Date "2015.??.??"]
[Round "8"]
[White "Pytel, Maciej"]
[Black "Frank, Mateusz"]
[Result "1-0"]
[WhiteElo "1775"]
[BlackElo "1324"]
[PlyCount "99"]
[EventDate "2015.05.01"]
[EventType "swiss"]
[EventRounds "9"]
[EventCountry "POL"]
[SourceTitle "CBM 166 Extra"]
[Source "ChessBase"]
[SourceDate "2015.06.18"]
[SourceVersion "1"]
[SourceVersionDate "2015.06.18"]
[SourceQuality "1"]

1. e4 e5 2. f4 exf4 3. Nf3 g5 4. Bc4 g4 5. Ne5 Qh4+ 6. Kf1 Nh6 7. d4 d6 8. Nd3 f3 9. g3 Qe7 10. Nc3 Be6 11. d5 Bd7 12. Bf4 f6 13. Qd2 Nf7 14. Nb5 Bxb5 15. Bxb5+ Nd7 16. Qc3 Rc8 17. Bxd7+ Kxd7 18. Qb4 Rb8 19. Be3 Kc8 20. Bxa7 Ra8 21. Be3 Ne5 22. a4 h5 23. a5 Nxd3 24. cxd3 Qd7 25. Bd4 Bg7 26. Qc3 Rf8 27. Rc1 Rf7 28. Kf2 Qb5 29. b4 Qe8 30. Rc2 Qh8 31. b5 h4 32. Kg1 f5 33. Bxg7 Qxg7 34. Qxg7 Rxg7 35. Ra2 fxe4 36. dxe4 h3 37. Kf2 Kd7 38. Rc1 Re7 39. Rc4 Rae8 40. Ke3 Rf8 41. Rac2 Kc8 42. Rb4 Kb8 43. Kf2 Rfe8 44. Rcc4 Re5 45. b6 cxb6 46. axb6 R5e7 47. Ra4 Re5 48. Kf1 R8e7 49. Ra8+ Kxa8 50. Rc8# 1-0

[Event "Bialystok Bieluczyk Memorial 7th"]
[Site "Bialystok"]
[Date "2015.??.??"]
[Round "6"]
[White "Pytel, Maciej"]
[Black "Kaminski, Maciej"]
[Result "1-0"]
[WhiteElo "1775"]
[BlackElo "1700"]
[PlyCount "113"]
[EventDate "2015.06.27"]
[EventType "swiss"]
[EventRounds "9"]
[EventCountry "POL"]
[SourceTitle "CBM 167 Extra"]
[Source "ChessBase"]
[SourceDate "2015.09.14"]
[SourceVersion "1"]
[SourceVersionDate "2015.09.14"]
[SourceQuality "1"]

1. e4 c5 2. Nf3 Nc6 3. d4 cxd4 4. Nxd4 Nf6 5. Nc3 e5 6. Ndb5 d6 7. Bg5 a6 8. Na3 b5 9. Nd5 Be7 10. Bxf6 Bxf6 11. c3 0-0 12. Nc2 Bg5 13. a4 bxa4 14. Rxa4 a5 15. Bc4 Rb8 16. b3 Kh8 17. 0-0 f5 18. exf5 Bxf5 19. Nce3 Bg6 20. Ra1 Rb7 21. Qg4 Rbf7 22. g3 e4 23. Be2 Ne5 24. Qh3 Nf3+ 25. Bxf3 Rxf3 26. Qg4 Bxe3 27. fxe3 Bf5 28. Qh5 Be6 29. Nf4 Rxf1+ 30. Rxf1 Rf6 31. Qb5 h6 32. Ra1 Qc8 33. c4 Rf5 34. Qb6 g5 35. Ng6+ Kh7 36. Ne7 Qc5 37. Qxc5 Rxc5 38. Rd1 Rc7 39. Nd5 Bxd5 40. Rxd5 Rb7 41. Rb5 Ra7 42. Rd5 Rb7 43. Rb5 Ra7 44. Rb6 a4 45. bxa4 Rxa4 46. Rxd6 Rxc4 47. Rd4 Rxd4 48. exd4 Kg6 49. Kf2 Kf5 50. Ke3 h5 51. h3 h4 52. g4+ Kf6 53. Kxe4 Ke6 54. d5+ Kd6 55. Kd4 Kd7 56. Ke5 Ke7 57. Kf5 1-0

[Event "POL Olympiad U12"]
[Site "Spala"]
[Date "2014.12.30"]
[Round "8.6"]
[White "Pytel, Maciej"]
[Black "Pultorak, Jan"]
[Result "1-0"]
[WhiteElo "1646"]
[BlackElo "1965"]
[PlyCount "107"]
[EventDate "2014.04.06"]
[EventType "swiss"]
[EventRounds "9"]
[EventCountry "POL"]
[SourceTitle "EXT 2023"]
[Source "ChessBase"]
[SourceDate "2022.10.05"]
[SourceVersion "1"]
[SourceVersionDate "2022.10.05"]
[SourceQuality "1"]

1. e4 c5 2. Nf3 d6 3. d4 cxd4 4. Nxd4 Nf6 5. Nc3 a6 6. Bg5 Nbd7 7. Qd2 e6 8. 0-0-0 Qc7 9. Kb1 b5 10. f3 Bb7 11. a3 0-0-0 12. Be3 Ne5 13. Ncxb5 axb5 14. Nxb5 Qd7 15. Qc3+ Nc6 16. Na7+ Kb8 17. Bb5 Rc8 18. Nxc8 Qxc8 19. Bxc6 Qxc6 20. Qa5 Be7 21. Ba7+ Kc8 22. Rd3 Kd7 23. Rc3 Bd8 24. Qb4 Qa6 25. Qd4 e5 26. Qf2 Be7 27. Rd1 Rc8 28. Rxc8 Bxc8 29. Bc5 Ke8 30. Bb4 Be6 31. Qd2 d5 32. Bxe7 Kxe7 33. Qb4+ Ke8 34. Qb8+ Ke7 35. Qc7+ Ke8 36. Rd3 Qc4 37. Qb8+ Ke7 38. b3 Qc6 39. exd5 Nxd5 40. Qxe5 f6 41. Qd4 Qc7 42. Kb2 Kf7 43. g3 Ne7 44. Qd6 Qb7 45. Rc3 Nd5 46. Rc6 Qe7 47. Qxe7+ Kxe7 48. c4 Ne3 49. Kc3 Nf1 50. a4 Nxh2 51. a5 Bd7 52. Rb6 Nxf3 53. a6 Bf5 54. Rb7+ 1-0